Sobre la entrega de la Medalla del Milenio con motivo de haberse umplido el décimo aniversario de la creación del Cell Biological and volutionary Micropaleontological Laboratory

Elmentve itt :
Bibliográfiai részletek
Szerző: Morbelli Marta A.
Dokumentumtípus: Cikk
Megjelent: 2002
Sorozat:Plant cell biology and development 14
Kulcsszavak:Kedves Miklós, Palinológia, Sejtbiológia - kitüntetés
Tárgyszavak:
Online Access:http://acta.bibl.u-szeged.hu/47911
LEADER 00860nab a2200205 i 4500
001 acta47911
005 20260119092508.0
008 170706s2002 hu o 000 spa d
022 |a 0866-5443 
040 |a SZTE Egyetemi Kiadványok Repozitórium  |b hun 
041 |a spa 
100 1 |a Morbelli Marta A. 
245 1 0 |a Sobre la entrega de la Medalla del Milenio con motivo de haberse umplido el décimo aniversario de la creación del Cell Biological and volutionary Micropaleontological Laboratory  |h [elektronikus dokumentum] /  |c  Morbelli Marta A. 
260 |c 2002 
300 |a 6 
490 0 |a Plant cell biology and development  |v 14 
650 4 |a Természettudományok 
650 4 |a Biológiai tudományok 
695 |a Kedves Miklós, Palinológia, Sejtbiológia - kitüntetés 
856 4 0 |u http://acta.bibl.u-szeged.hu/47911/1/plant_cell_014_006.pdf  |z Dokumentum-elérés